<?xml version="1.0" encoding="UTF-8"?>
<collection xmlns="http://www.loc.gov/MARC21/slim">
 <record>
  <leader>     na                 </leader>
  <controlfield tag="001">INLIS000000000696220</controlfield>
  <controlfield tag="005">20231116095619</controlfield>
  <datafield tag="035" ind1=" " ind2=" ">
   <subfield code="a">0010-1123000371</subfield>
  </datafield>
  <controlfield tag="007">ta</controlfield>
  <controlfield tag="008">231116                b          0 ind  </controlfield>
  <datafield tag="020" ind1=" " ind2=" ">
   <subfield code="a">978-623-392-004-9</subfield>
  </datafield>
  <datafield tag="082" ind1=" " ind2=" ">
   <subfield code="a">371.9</subfield>
  </datafield>
  <datafield tag="084" ind1=" " ind2=" ">
   <subfield code="a">371.9 ARE b</subfield>
  </datafield>
  <datafield tag="100" ind1="0" ind2=" ">
   <subfield code="a">Arefa tehsin</subfield>
  </datafield>
  <datafield tag="245" ind1="1" ind2=" ">
   <subfield code="a">Burung gajah /</subfield>
   <subfield code="c">Arefa tehsin,;penerjemah,mathori a elwa;ilustrator, sonal goyal,sumit sakhoja.</subfield>
  </datafield>
  <datafield tag="250" ind1=" " ind2=" ">
   <subfield code="a">Cet 1</subfield>
  </datafield>
  <datafield tag="260" ind1=" " ind2=" ">
   <subfield code="a">Bandung :</subfield>
   <subfield code="b">Marja,</subfield>
   <subfield code="c">2021</subfield>
  </datafield>
  <datafield tag="300" ind1=" " ind2=" ">
   <subfield code="a">32 hlm :</subfield>
   <subfield code="b">ilus ;</subfield>
   <subfield code="c">21 cm</subfield>
  </datafield>
  <datafield tag="650" ind1=" " ind2="4">
   <subfield code="a">Bacaan-Kanak kanak</subfield>
  </datafield>
  <datafield tag="520" ind1=" " ind2=" ">
   <subfield code="a">burung gajah datang dekat dengan danau di siang hari untuk berjemur dibawah sinar matahari  atau bermain di danau sendirian menyemprotkan air.</subfield>
  </datafield>
  <datafield tag="990" ind1=" " ind2=" ">
   <subfield code="a">01865/DPKBWI/2023</subfield>
  </datafield>
  <datafield tag="990" ind1=" " ind2=" ">
   <subfield code="a">01866/DPKBWI/2023</subfield>
  </datafield>
  <datafield tag="990" ind1=" " ind2=" ">
   <subfield code="a">01867/DPKBWI/2023</subfield>
  </datafield>
 </record>
</collection>
